Catchphrase to Character - Statistics

General Stats
  • This quiz has been taken 19 times
  • The average score is 10 of 18
Answer Stats
Hint Answer % Correct
"COOKIE!" Cookie Monster
100%
"Yabba dabba doo!" Fred Flinstone
94%
"D'oh!" Homer Simpson
94%
"Elementary." Sherlock Holmes
94%
"That's what she said!" Michael Scott
82%
"Bazinga!" Sheldon Cooper
82%
"Did I do that?" Steve Urkel
65%
"Friends don't lie." Eleven
53%
"You know nothing, Jon Snow." Ygritte
53%
"Make it so!" Jean-Luc Picard
47%
"The Tribe has spoken." Jeff Probst
47%
"Good news, everyone!" Professor Farnsworth
41%
"Goodnight, everybody!" Yakko Warner
41%
"How sweet it is!" Jackie Gleason
35%
"Is that your final answer?" Chris Tarrant
24%
"Dinosaur! Grrrrrrr!" George Pig
24%
"Cool cool cool cool cool cool cool." Jake Peralta
18%
"Allons-y!" The Doctor
18%
No matching quizzes found
Score Distribution
Percent of People with Each Score
Percentile by Number Answered
Your Score History
You have not taken this quiz